Μεθοδολογικές προσεγγίσεις για τη διαχείριση παράκτιων περιοχών : περίπτωση του στενού της Μυτιλήνης : πτυχιακή εργασία των μεταπτυχιακών φοιτητών

Αποθηκεύτηκε σε:
Λεπτομέρειες βιβλιογραφικής εγγραφής
Κύριος συγγραφέας: Γεωργακάς, Δημήτρης
Συγγραφή απο Οργανισμό/Αρχή: Πανεπιστήμιο Αιγαίου Σχολή Περιβάλλοντος Τμήμα Επιστημών της Θάλασσας Πρόγραμμα Μεταπτυχιακών Σπουδών Διαχείριση Παράκτιων Περιοχών
Άλλοι συγγραφείς: Κατερτζή, Αλίκη, Κίτσιου, Δήμητρα (dgsf [Επιβλέπουσα καθηγήτρια]), Κωστοπούλου-Καραντανέλλη, Μαρία (dgsf)
Μορφή: Thesis Βιβλίο
Γλώσσα:Greek
Δημοσίευση: 2010.
Θέματα:
Ετικέτες: Προσθήκη ετικέτας
Δεν υπάρχουν, Καταχωρήστε ετικέτα πρώτοι!

MARC

LEADER 00000cam a2200000 i 4500
001 1/16106
008 111101s2010 gre d
035 |l 10111236 
040 |a GR-MY-UA  |b gre  |e aacr 
041 0 |a gre 
082 0 |a 333.917  |2 (22) 
100 1 |a Γεωργακάς, Δημήτρης. 
245 1 0 |a Μεθοδολογικές προσεγγίσεις για τη διαχείριση παράκτιων περιοχών :   |b περίπτωση του στενού της Μυτιλήνης : πτυχιακή εργασία των μεταπτυχιακών φοιτητών /   |c Γεωργακά Δημήτρη και Κατερτζή Αλίκη ; επιβλέπουσες καθηγήτριες: Μ. Καραντανέλλη και Δ. Κίτσιου.  
260 |c 2010.  
300 |a 123 σ. :   |b εικ. ;   |c 30 εκ.  
502 |a Διατριβή (μεταπτυχιακή) - Πανεπιστήμιο Αιγαίου, Λέσβος, 2010.  
504 |a Βιβλιογραφία: σ. 122-123.  
650 0 |a Coastal zone management  |z Greece  |z Mytilene (Lesbos) 
650 0 0 |a Dissertations, Academic  |z Greece. 
700 1 |a Κατερτζή, Αλίκη. 
700 1 |a Κίτσιου, Δήμητρα,  |e dgsf [Επιβλέπουσα καθηγήτρια] 
700 1 |a Κωστοπούλου-Καραντανέλλη, Μαρία,  |e dgsf 
710 2 |a Πανεπιστήμιο Αιγαίου  |b Σχολή Περιβάλλοντος  |b Τμήμα Επιστημών της Θάλασσας  |b Πρόγραμμα Μεταπτυχιακών Σπουδών Διαχείριση Παράκτιων Περιοχών. 
852 |a INST  |b LESVOS  |c DIATR  |e 20111101  |h 207  |p 005100051164  |q 005100051164  |t MTXE  |y 23 
852 |a INST  |b LESVOS  |c DIATR  |e 20111101  |h 208  |p 005100051163  |q 005100051163  |t MTXE  |y 23 
901 |a BIBL1-2011-3 
909 |a Λ  |b 172982 
909 |a Λ  |b 172983 
924 |a ΓΕΩΡΓΑΚΑΣ  |b ΔΗΜΗΤΡΗΣ  |y ΛΕΣΒΟΣ  |z 2010-12 
924 |a ΚΑΤΕΡΤΖΗ  |b ΑΛΙΚΗ  |y ΛΕΣΒΟΣ  |z 2010-12 
970 |a ΤΖΑΦΕΡΗ  |b ΕΥΑΓΓΕΛΙΑ  |z 2011/11/01